Легенди і міфи Давньої Греції (Запис № 354485)

МАРК-запис
000 -Лідер
fixed length control field 01975nam a22002777a 4500
003 - Ідентифікатор контрольного номера
control field UA-OsUOA
001 - Контрольний номер
control field 68283
007 - Фіксоване поле фізичного опису
fixed length control field ta
008 - Елементи даних фіксованої довжини – загальна інформація
fixed length control field 20100414b un ||||| |||| 00| 0 ukr d
090 ## - Локальний шифр розміщення
Класифікаційний індекс УДК 82-343(38)
Авторський знак (НП) К91
040 ## - Джерело каталогізації
Агенція оригінальної каталогізації UA-OsUOA
Мова каталогізації ukr
Агенція, яка здійснювала перезапис UA-OsUOA
Агенція, яка здійснювала модифікацію UA-OsUOA
041 ## - Код мови
Код мови тексту/ звукової доріжки чи окремого заголовка (П) ukr
080 ## - Індекс Універсальної десяткової класифікації
Індекс Універсальної десяткової класифікації (УДК) (НП) 82-343(38)
020 ## - Міжнародний стандартний книжковий номер (ISBN)
Міжнародний стандартний книжковий номер (ISBN) (НП) 978-966-580-243-3
100 ## - Основне введення – ім’я особи
Ім’я особи (НП) Кун М. А.
245 ## - Відомості про назву
Назва (НП) Легенди і міфи Давньої Греції
260 ## - Публікація, розповсюдження і т.п. (Вихідні дані)
Місце публікації, розповсюдження і т.п. (П) К.
Ім’я/ наймення видавництва, розповсюджувача і т.п. (П) Академія
Дата публікації, розповсюдження і т.п. (П) 2010
300 ## - Фізичний опис
Обсяг 446 с.
520 3# - Резюме і т.п.
Резюме, реферат, анотація, тощо (НП) Давньогрецька міфологія є одним із найяскравіших феноменів світової цивілізації. Вона не тільки засвідчила самобутність мислення, пізнання давніми греками закономірностей, що панують у світі, місця людини в ньому, а й сформулювала універсальний кодекс
520 3# - Резюме і т.п.
Резюме, реферат, анотація, тощо (НП) людської честі, виміри шляхетної поведінки. У ній вкорінені духовність, етичні принципи, культура багатьох європейських народів. Без знання її не пізнати глибин історії, багатьох релігійних систем, вершинних надбань літератури, музики, живопису, архі
520 3# - Резюме і т.п.
Резюме, реферат, анотація, тощо (НП) тектури, кіно- та театрального мистецтв. Саме тому вона вивчається студентами гуманітарних факультетів, популярна серед людей, небайдужих до свого духовного розвитку і рівня особистої культури.
650 #7 - Додаткове предметне введення – тематичний термін
Тематичний термін чи географічна назва, як елемент введення (НП) 82 Література. Літературознавство
Джерело заголовка чи терміна UDC
942 ## - Додаткові елементи входу (Коха)
Тип елемента Koha Книги
955 ## - Код типу видання за змістом
Код типу видання за змістом (НП) Літературно-художні видання
Фонди
Стан вилучень Стан втрат Джерело класифікації або схеми стелажів Стан уражень Не для кредиту Постійне місце розташування Поточне розміщення Дата придбання Джерело придбання Вартість, звичайна ціна покупки Інвентарний номер Усього замовленно Повний номер виклику Штрих-код Дата останнього перегляду Дата останньої перевірки Ціна ефективна від Тип елемента Koha
    Universal Decimal Classification     ЧЗ - Читальна зала ЧЗ - Читальна зала 14/04/2010 32/2010 27.00 127234 4 82-343(38) К91 127234 03/03/2025 03/03/2025 14/04/2010 Книги